Labour relations and conditions of work in Britain (Record no. 496292)

000 -LEADER
fixed length control field 00424cam a22001217a 4500
008 - FIXED-LENGTH DATA ELEMENTS--GENERAL INFORMATION
fixed length control field 180718b xxu||||| |||| 00| 0 eng d
082 ## - DEWEY DECIMAL CLASSIFICATION NUMBER
Classification number R7x42 Un3l
245 ## - TITLE STATEMENT
Title Labour relations and conditions of work in Britain
Statement of responsibility, etc. by Central Office of Information
260 ## - PUBLICATION, DISTRIBUTION, ETC.
Place of publication, distribution, etc. London
Name of publisher, distributor, etc. Her Majesty's Stationery Office
Date of publication, distribution, etc.
300 ## - PHYSICAL DESCRIPTION
Extent v.p.
500 ## - GENERAL NOTE
General note Contents: Library has 1958, 1962, 1967, 1965
700 ## - ADDED ENTRY--PERSONAL NAME
Personal name U.K. Central Office of Information
Holdings
Withdrawn status Lost status Damaged status Not for loan Permanent Location Current Location Date acquired Full call number Barcode Date last seen Price effective from Koha item type
        Indian Institute of Public Administration Indian Institute of Public Administration 2018-08-04 R7x42 Un3l G8960 2018-08-04 2018-08-04 G
        Indian Institute of Public Administration Indian Institute of Public Administration 2018-08-04 R7x42 Un3l G6417 2018-08-04 2018-08-04 G
        Indian Institute of Public Administration Indian Institute of Public Administration 2018-08-04 R7x42 Un3l G1913 2018-08-04 2018-08-04 G

Powered by Koha